000 00316nam a2200133Ia 4500
008 191201s2012 xx 000 0 und d
082 _a658.5
_bADP
100 _aADAM, Evere HF
245 0 _aProduction and Operations Management
260 _aN.Delhi
_bPHI
_c2012
300 _a729
650 _aMBA
942 _2ddc
_cBK
999 _c2663
_d2663